000 00550nam a22002057a 4500
005 20140310183630.0
008 131116b xxu||||| |||| 00| 0 eng d
020 _a9780073513898
050 _aQ 158.5
_b.T575 2014
100 _aTillery, Bill W.
245 _aPhysical science /
_cBill W. Tillery.
250 _a10th ed.
260 _aUSA :
_bMcGraw-Hill,
_c2014.
300 _axx, 624 p. :
_bill. ;
_c28 cm.
504 _aIncludes Index.
521 _aEDU
650 _aPhysical sciences.
942 _2lcc
_cBK
_kFOR
999 _c25593
_d25593